Kytice z pověstí národních – pokračování /
Kytice z pověstí národních – pokračování. Kytice z pověstí národních – pokračování je novodobá sbírka balad a pověstí, která navazuje na duchovní odkaz Karla Jaromíra Erbena, ale kráčí vlastní cestou. Pavel Kostka PPKPP v ní otevírá svět, kde se staré hříchy vracejí jako stíny, kde pravda má svou ce...
Uloženo v:
| Hlavní autor: | |
|---|---|
| Médium: | E-kniha |
| Jazyk: | Czech |
| Vydáno: |
Praha :
PPKPP,
2026
|
| Tagy: |
Žádné tagy |
| LEADER | 02157nam a22002297i 4500 | ||
|---|---|---|---|
| 001 | 302981 | ||
| 007 | ta | ||
| 008 | 260516s2026 xr ||||| |||| 00| 0 cze d | ||
| 020 | |a 9990004270879 | ||
| 044 | |a xr | ||
| 100 | 1 | |a Kostka, Pavel |4 aut | |
| 245 | 1 | 0 | |a Kytice z pověstí národních – pokračování / |c Kostka, Pavel |
| 264 | 1 | |a Praha : |b PPKPP, |c 2026 | |
| 300 | |a 1 online zdroj (108 stran) | ||
| 336 | |a text |b txt |2 rdacontent | ||
| 337 | |a bez média |b n |2 rdamedia | ||
| 338 | |a online zdroj |b cr |2 rdacarrier | ||
| 520 | 2 | |a Kytice z pověstí národních – pokračování. Kytice z pověstí národních – pokračování je novodobá sbírka balad a pověstí, která navazuje na duchovní odkaz Karla Jaromíra Erbena, ale kráčí vlastní cestou. Pavel Kostka PPKPP v ní otevírá svět, kde se staré hříchy vracejí jako stíny, kde pravda má svou cenu a kde lidské činy zanechávají stopy hlubší než kroky v hlíně. V jednotlivých příbězích se setkáváme s vesnicí, která stojí na hranici mezi světlem a temnotou. Brána, pramen, lucerna i kámen přísahy se stávají symboly lidského svědomí, paměti a odpovědnosti. Každá kapitola odkrývá další vrstvu tajemství, starých vin i nových nadějí. Postavy se učí, že spravedlnost není trest, ale práce. Že odpuštění není zapomenutí, ale rozhodnutí. A že společenství může přežít jen tehdy, když se pravda promění v čin. Sbírka přináší atmosféru českého folkloru, morální hloubku balad a poetiku, která ctí tradici, ale zároveň mluví k dnešnímu čtenáři. Je to kniha o vině a nápravě, o světle a stínu, o lidech, kteří se učí nést své příběhy společně. | |
| 910 | |a RBIT002 | ||
| 998 | |d 427087 |a https://core.palmknihy.cz/api/books/427087/cover?teyvmr |b https://core.palmknihy.cz/api/books/427087/cover/400?teyvmr |c https://core.palmknihy.cz/api/books/427087/cover/50?teyvmr |e |g 108 |i 9990004270879 |j https://core.palmknihy.cz/api/books/427087/preview.epub |k https://core.palmknihy.cz/api/books/427087/preview.pdf |l |q 49 |r 1 |s https://www.palmknihy.cz/kniha/427087 |t ebook |y 2026 |z 1 | ||
| 999 | |d 302979 | ||